|
|
|
|
| LEADER |
00000caa a2200000 c 4500 |
| 001 |
1142359646 |
| 003 |
DE-627 |
| 005 |
20220518095504.0 |
| 007 |
tu |
| 008 |
990118s1998 xx ||||| 00| ||ger c |
| 020 |
|
|
|a 3110150026
|
| 035 |
|
|
|a (DE-627)1142359646
|
| 035 |
|
|
|a (DE-576)072359641
|
| 035 |
|
|
|a (DE-599)BSZ072359641
|
| 040 |
|
|
|a DE-627
|b ger
|c DE-627
|e rakwb
|
| 041 |
|
|
|a ger
|
| 100 |
1 |
|
|a Müller-Dietz, Heinz
|d 1931-2022
|0 (DE-588)120171201
|0 (DE-627)080497454
|0 (DE-576)162308469
|4 aut
|
| 109 |
|
|
|a Müller-Dietz, Heinz 1931-2022
|a Müller-Dietz, H. 1931-2022
|a Müller Dietz, Heinz 1931-2022
|a Dietz, Heinz Müller- 1931-2022
|a Müller-Dietz 1931-2022
|
| 245 |
1 |
0 |
|a Hat der Strafvollzug noch eine Zukunft?
|c Heinz Müller-Dietz
|
| 264 |
|
1 |
|c 1998
|
| 336 |
|
|
|a Text
|b txt
|2 rdacontent
|
| 337 |
|
|
|a ohne Hilfsmittel zu benutzen
|b n
|2 rdamedia
|
| 338 |
|
|
|a Band
|b nc
|2 rdacarrier
|
| 773 |
0 |
8 |
|i In
|t Festschrift für Hans Joachim Schneider zum 70. Geburtstag am 14. November 1998
|d Berlin : de Gruyter, 1998
|g (1998), Seite [995] - 1012
|h XIII, 1079 S.
|w (DE-627)250459027
|w (DE-576)070273006
|z 3110150026
|7 nnam
|
| 773 |
1 |
8 |
|g year:1998
|g pages:[995] - 1012
|
| 935 |
|
|
|a mkri
|
| 951 |
|
|
|a AR
|
| ELC |
|
|
|b 1
|
| LOK |
|
|
|0 000 xxxxxcx a22 zn 4500
|
| LOK |
|
|
|0 001 234475458X
|
| LOK |
|
|
|0 003 DE-627
|
| LOK |
|
|
|0 004 1142359646
|
| LOK |
|
|
|0 005 20100508133916
|
| LOK |
|
|
|0 008 990118||||||||||||||||ger|||||||
|
| LOK |
|
|
|0 040
|a DE-21-24
|c DE-627
|d DE-21-24
|
| LOK |
|
|
|0 852
|a DE-21-24
|
| LOK |
|
|
|0 852 1
|c In: M,Id,38
|m p
|9 00
|
| LOK |
|
|
|0 852 2
|b S IV
|9 00
|
| LOK |
|
|
|0 866 0
|z nur: S IV
|
| LOK |
|
|
|0 935
|a uwfe
|
| LOK |
|
|
|0 936ln
|a In: M,Id,
|
| LOK |
|
|
|0 938
|k p
|
| LOK |
|
|
|0 939
|a 18-01-99
|b l01
|
| LOK |
|
|
|0 000 xxxxxcx a22 zn 4500
|
| LOK |
|
|
|0 001 2899464140
|
| LOK |
|
|
|0 003 DE-627
|
| LOK |
|
|
|0 004 1142359646
|
| LOK |
|
|
|0 005 20260109154341
|
| LOK |
|
|
|0 008 160208||||||||||||||||ger|||||||
|
| LOK |
|
|
|0 040
|a DE-21-110
|c DE-627
|d DE-21-110
|
| LOK |
|
|
|0 689
|a s
|a Freiheitsstrafe
|
| LOK |
|
|
|0 689
|a s
|a Strafvollzugsreform
|
| LOK |
|
|
|0 689
|a s
|a Internationaler Vergleich
|
| LOK |
|
|
|0 689
|a s
|a Abolitionismus
|
| LOK |
|
|
|0 689
|a s
|a Gefangenenraten
|
| LOK |
|
|
|0 852
|a DE-21-110
|
| LOK |
|
|
|0 852 1
|m p
|9 00
|
| LOK |
|
|
|0 935
|a k110
|
| LOK |
|
|
|0 938
|k p
|
| LOK |
|
|
|0 939
|a 08-02-16
|b l01
|
| ORI |
|
|
|a SA-MARC-krimdoka001.raw
|